UNESCO World Heritage sites of France Quiz Stats

 Plays Quiz not verified by Sporcle

Challenge
Share
Tweet
Score 0/40 Timer 15:00
0 Plays Today
% Correct
Mont Saint-Michel and its Bay
76.9%
Strasbourg – Grande île
61.5%
Amiens Cathedral
53.8%
Historic Fortified City of Carcassonne
53.8%
Chartres Cathedral
46.2%
Cathedral of Notre-Dame, Former Abbey of Saint-Remi, and Palace of Tau, Reims
46.2%
Le Havre, the City Rebuilt by Auguste Perret
46.2%
Pont du Gard (Roman Aqueduct)
46.2%
Arles, Roman and Romanesque Monuments
30.8%
Bourges Cathedral
30.8%
Episcopal City of Albi
30.8%
Vézelay, Church and Hill
23.1%
Bordeaux, Port of the Moon
23.1%
Abbey Church of Saint-Savin-sur-Gartempe
15.4%
Canal du Midi
15.4%
Jurisdiction of Saint-Émilion
15.4%
Pyrénées - Mont Perdu
15.4%
Decorated Cave of Pont d’Arc, known as Grotte Chauvet-Pont d’Arc, Ardèche
15.4%
Champagne Hillsides, Houses and Cellars
15.4%
Cistercian Abbey of Fontenay
7.7%
% Correct
Belfries of Belgium and France
7.7%
The Causses and the Cévennes, Mediterranean agro-pastoral Cultural Landscape
7.7%
Roman Theatre and its Surroundings and the 'Triumphal Arch' of Orange
7.7%
Routes of Santiago de Compostela in France
7.7%
From the Great Saltworks of Salins-les-Bains to the Royal Saltworks of Arc-et-Senans, the Production of Open-pan Salt
7.7%
Fortifications of Vauban
7.7%
Palace and Park of Fontainebleau
7.7%
Palace and Park of Versailles
7.7%
Paris, Banks of the Seine
7.7%
Prehistoric Sites and Decorated Caves of the Vézère Valley
7.7%
Place Stanislas, Place de la Carrière, and Place d'Alliance in Nancy
7.7%
Gulf of Porto: Calanche of Piana, Gulf of Girolata, Scandola Reserve
7.7%
The Loire Valley between Sully-sur-Loire and Chalonnes
7.7%
Provins, Town of Medieval Fairs
7.7%
Prehistoric Pile dwellings around the Alps
7.7%
Nord-Pas de Calais Mining Basin
7.7%
The Climats, terroirs of Burgundy
7.7%
Historic Centre of Avignon: Papal Palace, Episcopal Ensemble and Avignon Bridge
0%
Historic Site of Lyons
0%
The Architectural Work of Le Corbusier, an Outstanding Contribution to the Modern Movement
0%

You're not logged in!

Compare scores with friends on all Sporcle quizzes.
OR
Log In

You Might Also Like...

Show Comments

Extras

Created Sep 8, 2016ReportNominate
Tags:France, World Heritage

Top Quizzes Today


Score Distribution

Your Account Isn't Verified!

In order to create a playlist on Sporcle, you need to verify the email address you used during registration. Go to your Sporcle Settings to finish the process.

Report this User

Report this user for behavior that violates our Community Guidelines.

Details: